[Event "GER-chT U12"]
[Site "Muenchen"]
[Date "2022.12.27"]
[Round "1"]
[White "Jankowski, Antoni"]
[Black "Reichel, Emilio"]
[Result "1-0"]
[WhiteElo "1119"]
[BlackElo "1037"]
[PlyCount "49"]
[EventDate "2022.12.26"]
[EventType "team-swiss"]
[EventRounds "7"]
[EventCountry "GER"]
[SourceTitle "CBM 212 Extra"]
[Source "ChessBase"]
[SourceDate "2023.03.31"]
[SourceVersion "1"]
[SourceVersionDate "2023.03.31"]
[SourceQuality "1"]
[WhiteTeam "Berlin Empor"]
[BlackTeam "Dresden Striesen"]
[WhiteTeamCountry "GER"]
[BlackTeamCountry "GER"]

1. e4 c5 2. c3 g6 3. Nf3 d6 4. Be2 Nc6 5. d4 cxd4 6. cxd4 Bg7 7. Nc3 Ne5 8. d5 Bg4 9. Nxe5 Bxe2 10. Qa4+ Kf8 11. Nd7+ Ke8 12. Nb6+ Kf8 13. Nxa8 Qxa8 14. Nxe2 Qc8 15. 0-0 Nf6 16. Be3 a6 17. Rac1 Qg4 18. f3 b5 19. Qxa6 Kg8 20. fxg4 Nxg4 21. Rc8+ Bf8 22. Rxf8+ Kxf8 23. Qc8+ Kg7 24. Qxg4 Rc8 25. Qxc8 1-0